[Event "AUTO-OPEN-532"]
[Site "http://www.queenalice.com/game.php?id=222585"]
[Date "2007.6.8"]
[Round "2"]
[White "Kaspov"]
[Black "KGrob"]
[Result "0-1"]
[WhiteElo "1871"]
[BlackElo "1964"]

1. e4 e5 2. Nf3 f5 3. exf5 Bc5 4. Nxe5 Bxf2+ 5. Kxf2 Qh4+ 6. g3 Qd4+ 7. Kg2 Qxe5
8. Bd3 Qd5+ 9. Kf2 Nf6 10. Qe2+ Kd8 11. Nc3 Qd4+ 12. Kg2 Re8 13. Qf3 Nc6 14. Ne2
Qe5 15. c3 d5 16. Bc2 Qxe2+ 17. Qxe2 Rxe2+ 18. Kf3 Re5 19. g4 h5 20. gxh5 Bxf5
21. d4 Be4+ 22. Bxe4 Rxe4 23. Bg5 Kd7 24. Bxf6 Rf8 25. Rhg1 Rxf6+ 26. Kg3 Ne7
27. Raf1 Rxf1 28. Rxf1 Ke6 29. Rf2 Nf5+ 30. Kg2 Ne3+ 31. Kg3 Nd1 32. Rd2 Ne3 33.
Kf3 Nf5 34. a4 c6 35. a5 Kf6 36. Rd1 Nd6 37. Rg1 Rh4 38. Rg6+ Ke7 39. Rxg7+ Nf7
40. Kg3 Rxh5 41. h4 Kf8 42. Rg6 Rh6 43. Rg4 Nd6 44. Rf4+ Ke7 45. Kg4 Ne4 46. h5
Nf6+ 47. Kg5 Rxh5+ 48. Kg6 Rh2 49. Rxf6 Rxb2 50. Rf3 Rg2+ 51. Kf5 Ra2 52. Kg6
Rxa5 53. Rf7+ Kd8 54. Rxb7 Ra3 55. Kf6 Kc8 56. Rh7 a5 57. Ra7 Kb8 58. Rg7 Rxc3
59. Ke6 a4 60. Kd6 a3 61. Rg2 Kb7 62. Ra2 Kb6 63. Kd7 Kb5 64. Kc7 Kb4 65. Kb6
Kb3 66. Ra1 Kb2 0-1

[Event "AUTO-OPEN-532"]
[Site "http://www.queenalice.com/game.php?id=222590"]
[Date "2007.6.8"]
[Round "2"]
[White "savage4731"]
[Black "Kaspov"]
[Result "1-0"]
[WhiteElo "1772"]
[BlackElo "1855"]

1. e4 e5 2. Nf3 Nc6 3. Bc4 Bc5 4. b4 Bxb4 5. c3 Ba5 6. d4 exd4 7. O-O dxc3 8.
Qb3 Qf6 9. e5 Nxe5 10. Re1 d6 11. Qa4+ Bd7 12. Qxa5 Ne7 13. Nxe5 dxe5 14. Nxc3
b6 15. Qxe5 Qxe5 16. Rxe5 c6 17. Ba3 c5 18. Nd5 Be6 19. Nc7+ Kd7 20. Bxe6+ fxe6
21. Nxa8 Rxa8 22. Rd1+ Kc7 23. Rxe6 Nf5 24. Rd5 g6 25. Rf6 Re8 26. Rf7+ Kc6 27.
Rd1 Nd4 28. Rxh7 Re2 29. Rxa7 Nc2 30. Kf1 Re4 31. Bc1 c4 32. Rad7 b5 33. R7d6+
Kc5 34. Be3+ Nxe3+ 35. fxe3 Rxe3 36. Rxg6 Ra3 37. Rg5+ Kb6 38. Rb1 Ra5 39.
Rgxb5+ Rxb5 40. Rxb5+ Kxb5 41. Ke2 Kb4 42. Kd2 1-0

[Event "AUTO-OPEN-532"]
[Site "http://www.queenalice.com/game.php?id=222591"]
[Date "2007.6.8"]
[Round "2"]
[White "Kaspov"]
[Black "savage4731"]
[Result "1-0"]
[WhiteElo "1859"]
[BlackElo "1789"]

1. e4 e5 2. Nf3 Nc6 3. Bb5 a6 4. Ba4 Nf6 5. Nc3 Be7 6. d3 O-O 7. O-O b5 8. Bb3
Na5 9. Nxe5 Nxb3 10. axb3 Bd6 11. Nf3 Bc5 12. Bg5 Bb7 13. Ne5 d6 14. Bxf6 gxf6
15. Qg4+ Kh8 16. Nf3 Rg8 17. Qf4 Qe7 18. Rfe1 Rg6 19. Nd5 Qd8 20. b4 Ba7 21. b3
Bxd5 22. exd5 Qg8 23. g3 h5 24. Qf5 Rxg3+ 25. hxg3 Qxg3+ 26. Kh1 Bxf2 27. Qxh5+
Kg7 28. Rg1 Bxg1 29. Rxg1 Qxg1+ 30. Kxg1 1-0

[Event "AUTO-OPEN-485"]
[Site "http://www.queenalice.com/game.php?id=230326"]
[Date "2007.6.25"]
[Round "2"]
[White "Kaspov"]
[Black "johntelker"]
[Result "0-1"]
[WhiteElo "1872"]
[BlackElo "1839"]

1. e4 e6 2. d4 d5 3. e5 g6 4. Nf3 Bg7 5. Nc3 Ne7 6. Bg5 a6 7. Qd2 Nd7 8. Bd3 c5
9. dxc5 Nxc5 10. O-O O-O 11. Be2 Qc7 12. Bf6 Nc6 13. Bxg7 Kxg7 14. Qg5 Nd7 15.
Bd3 Ncxe5 16. Nxe5 Qxe5 17. Qxe5+ Nxe5 18. Rad1 Bd7 19. b3 Rac8 20. Ne2 Nxd3 21.
cxd3 Rc2 22. Nd4 Rxa2 23. Rc1 Bc8 24. Rc7 Rd2 25. Rfc1 Rxd3 26. Nf3 Rxb3 27. Ng5
b5 28. h3 h6 29. Nf3 a5 30. Rxc8 Rxc8 31. Rxc8 a4 32. Nd4 Rb1+ 33. Kh2 a3 34.
Ra8 b4 35. f4 Rb2 36. Nb5 a2 37. Nd4 b3 38. h4 Rb1 39. Nxb3 Rxb3 40. Rxa2 Rb7
41. g3 f6 42. Kh3 Rd7 43. Ra6 e5 44. Kg4 e4 45. f5 e3 46. fxg6 Kxg6 47. Kf3 d4
0-1

[Event "AUTO-OPEN-485"]
[Site "http://www.queenalice.com/game.php?id=230327"]
[Date "2007.6.25"]
[Round "2"]
[White "johntelker"]
[Black "Kaspov"]
[Result "1-0"]
[WhiteElo "1846"]
[BlackElo "1893"]

1. d4 d5 2. Nf3 Nf6 3. e3 a6 4. a3 Bg4 5. Be2 e6 6. b4 Nc6 7. Bb2 Bd6 8. Nbd2
O-O 9. c4 dxc4 10. Nxc4 b5 11. Nce5 Bxe5 12. dxe5 Ne4 13. O-O Qe7 14. Qc2 Ng5
15. Qxc6 Rad8 16. Bd4 Rd5 17. Qxa6 Qd7 18. Rac1 Ne4 19. Rfe1 f6 20. Rc6 Bf5 21.
Bxb5 Qf7 22. Bc4 Rdd8 23. Bxe6 Bxe6 24. Rxe6 Nd6 25. exf6 Qxe6 26. fxg7 Rf7 27.
Ng5 Qf5 28. Nxf7 Qxf7 29. Rc1 Ne4 30. Qe2 Rd5 31. f4 h5 32. Qb2 h4 33. a4 Qg6
34. Rxc7 Rd8 35. b5 1-0

[Event "Challenge"]
[Site "http://www.queenalice.com/game.php?id=241176"]
[Date "2007.7.17"]
[Round "-"]
[White "Petruzza"]
[Black "Kaspov"]
[Result "0-1"]
[WhiteElo "1593"]
[BlackElo "1866"]

1. e4 e5 2. Nf3 Nc6 3. d4 exd4 4. Nxd4 Nxd4 5. Qxd4 c5 6. Qe5+ Qe7 7. Bf4 d6 8.
Qd5 Nf6 9. Qc4 Qxe4+ 10. Be3 Be6 11. Qb5+ Bd7 12. Qa5 Qxc2 13. Na3 Qxb2 14. Rb1
Qxa2 15. Bc4 b6 16. Qa6 Bc8 17. Qa4+ Bd7 18. Qxd7+ Nxd7 19. Bxa2 Be7 20. Nb5 O-O
21. g4 Ne5 22. Ke2 Nxg4 23. Bd5 Rae8 24. Nc7 Rc8 25. Rhg1 Nxe3 26. fxe3 Rxc7 27.
Rg4 c4 28. Re4 c3 29. h4 Rc5 30. Ba2 d5 31. Rxe7 a5 32. Rc1 b5 33. Re5 Rd8 34.
Kd3 f6 35. Rf5 Kf7 36. Rxc3 Ke6 37. Rh5 Rxc3+ 38. Kxc3 h6 39. e4 Rh8 40. exd5+
Kd6 41. Bb1 g5 42. hxg5 fxg5 43. Kd4 b4 44. Rh3 a4 45. Kc4 b3 46. Kd4 g4 47. Rh5
a3 48. Kc3 a2 49. Bxa2 bxa2 50. Kb2 Ra8 51. Ka1 g3 52. Rxh6+ Kxd5 53. Rh5+ Ke4
54. Rh1 g2 55. Rg1 Kf3 56. Rxg2 Kxg2 57. Kb2 a1=Q+ 58. Kc2 Ra3 59. Kd2 Qb2+ 60.
Ke1 Ra1# 0-1

[Event "Challenge"]
[Site "http://www.queenalice.com/game.php?id=243631"]
[Date "2007.7.22"]
[Round "-"]
[White "Kaspov"]
[Black "PapaC"]
[Result "1-0"]
[WhiteElo "1908"]
[BlackElo "2032"]

1. e4 Nc6 2. d4 d5 3. e5 Bf5 4. Nf3 Nb4 5. Bb5+ c6 6. Ba4 b5 7. Bb3 e6 8. h3 c5
9. dxc5 Bxc5 10. Nc3 Qb6 11. O-O Nc6 12. Qe2 a6 13. Nh4 Nge7 14. Bg5 h6 15. Bxe7
Nxe7 16. Qf3 Bh7 17. Rae1 Rd8 18. Ne2 Rf8 19. Nf4 g5 20. Nh5 Ng8 21. Nf6+ Nxf6
22. Qxf6 gxh4 23. Qxh6 Be4 24. Qxh4 Rg8 25. g4 Be7 26. Qh6 Kd7 27. Qd2 Bg5 28.
Qb4 a5 29. Qc3 Rh8 30. a4 b4 31. Qg3 Rh4 32. Kh2 Rdh8 33. f3 1-0

[Event "Challenge"]
[Site "http://www.queenalice.com/game.php?id=273993"]
[Date "2007.9.19"]
[Round "-"]
[White "mateus_amorim"]
[Black "Kaspov"]
[Result "1/2-1/2"]
[WhiteElo "1813"]
[BlackElo "1915"]

1. d4 d5 2. e3 Nf6 3. Bd3 Nc6 4. c3 Bg4 5. Ne2 e6 6. h3 Bh5 7. Qc2 Qd7 8. Nf4
Bd6 9. Nxh5 Nxh5 10. O-O h6 11. Qe2 Nf6 12. Nd2 O-O 13. e4 dxe4 14. Nxe4 Nxe4
15. Qxe4 f5 16. Qf3 g5 17. Qh5 Qg7 18. h4 Be7 19. hxg5 Bxg5 20. Bxg5 Qxg5 21.
Qxg5+ hxg5 22. g3 e5 23. dxe5 Nxe5 24. Be2 Rad8 25. Rad1 a6 26. Kg2 b5 27. b3 c5
28. c4 b4 29. f4 Nf7 30. Bh5 gxf4 31. gxf4 Nh6 32. Rd5 Rxd5 33. cxd5 Rd8 34. Bf3
Kf7 35. Re1 Ng4 36. Re6 a5 37. Ra6 Rg8 38. Kf1 Nh2+ 39. Kf2 Nxf3 40. Kxf3 Rd8
41. d6 Ke6 42. Rxa5 Kxd6 43. a3 bxa3 44. Rxa3 Re8 45. Ra6+ Kd5 46. Rf6 Rb8 47.
Rxf5+ Kd4 48. Kg4 Rxb3 49. Rf7 c4 50. f5 c3 51. f6 Rb1 52. Rd7+ Ke5 53. f7 Rf1
54. Rc7 1/2-1/2

[Event "AUTO-OPEN-543"]
[Site "http://www.queenalice.com/game.php?id=281524"]
[Date "2007.10.5"]
[Round "2"]
[White "Kaspov"]
[Black "Goles_Giovano"]
[Result "1-0"]
[WhiteElo "1911"]
[BlackElo "2190"]

1. e4 e6 2. d4 d5 3. e5 c5 4. Bb5+ Bd7 5. Bxd7+ Nxd7 6. c3 Ne7 7. Bg5 Qb6 8. b3
cxd4 9. cxd4 Nf5 10. Ne2 f6 11. exf6 Nxf6 12. O-O Ne4 13. Bf4 Be7 14. Be5 1-0

[Event "AUTO-OPEN-543"]
[Site "http://www.queenalice.com/game.php?id=281525"]
[Date "2007.10.5"]
[Round "2"]
[White "Goles_Giovano"]
[Black "Kaspov"]
[Result "0-1"]
[WhiteElo "2170"]
[BlackElo "1938"]

1. e4 e5 2. f4 exf4 3. Nf3 d5 4. exd5 Qxd5 5. Nc3 Qe6+ 6. Kf2 Qb6+ 7. d4 Bd6 8.
Qe2+ Ne7 9. Nd5 Qc6 10. c4 Be6 11. Nxe7 Kxe7 12. d5 Qc5+ 13. Ke1 Qb4+ 14. Kd1
Re8 15. dxe6 Kf8 0-1

[Event "AUTO-OPEN-571"]
[Site "http://www.queenalice.com/game.php?id=289229"]
[Date "2007.10.19"]
[Round "3"]
[White "alfredo"]
[Black "Kaspov"]
[Result "1-0"]
[WhiteElo "2004"]
[BlackElo "1963"]

1. d4 d5 2. c4 Nf6 3. Nc3 Bf5 4. Qb3 b6 5. cxd5 e6 6. Bg5 Be7 7. Bxf6 Bxf6 8. e4
Bg4 9. h3 Bh5 10. Qb5+ Qd7 11. dxe6 fxe6 12. Qxh5+ g6 13. Qg4 e5 14. Nd5 O-O 15.
Bc4 Qxg4 16. Nxf6+ Kg7 17. Nxg4 exd4 18. Rd1 Nd7 19. Rxd4 Nc5 20. b4 Na4 21.
Rd7+ Kh8 22. Ne5 h5 23. Nxg6# 1-0

[Event "AUTO-OPEN-571"]
[Site "http://www.queenalice.com/game.php?id=289230"]
[Date "2007.10.19"]
[Round "3"]
[White "Kaspov"]
[Black "alfredo"]
[Result "0-1"]
[WhiteElo "1929"]
[BlackElo "1987"]

1. e4 c5 2. Nc3 Nc6 3. Bc4 g6 4. Nf3 Bg7 5. d3 Na5 6. b3 Bxc3+ 7. Bd2 Bxa1 8.
Qxa1 Nf6 9. e5 Nxc4 10. exf6 Nxd2 11. Nxd2 O-O 12. Ne4 d5 13. Nxc5 Qa5+ 14. c3
Qxc5 15. d4 Qd6 16. O-O exf6 17. Re1 Bf5 18. h3 Rfe8 0-1

[Event "Torneo Argentino"]
[Site "http://www.queenalice.com/game.php?id=295411"]
[Date "2007.10.30"]
[Round "3"]
[White "Kaspov"]
[Black "lea_dc"]
[Result "0-1"]
[WhiteElo "1953"]
[BlackElo "1858"]

1. e4 c5 2. Nc3 Nc6 3. Bc4 d6 4. d3 Nf6 5. Nf3 g6 6. O-O Bg7 7. h3 O-O 8. Bf4 e5
9. Bg5 h6 10. Bh4 a6 11. Nd5 Be6 0-1